A Really Random Quiz Stats

 Plays Quiz not verified by Sporcle

Challenge
Share
Tweet
Embed
Score 0/15 Timer 02:00
0 Plays Today
Hint Answer % Correct
What's the national animal of Australia?Kangaroo
82.9%
In what holiday would you sing Deck the Halls?Christmas
77.1%
What sport is David Beckham famous for?Football
74.3%
Who is the most famous reggae artist?Bob Marley
71.4%
What's the most popular soft drink in the world? Coca Cola
68.6%
What's the biggest whale?Blue Whale
68.6%
Where does the Queen live?Buckingham Palace
62.9%
Can you name a body part that rhymes with sip?Hip
57.1%
Hint Answer % Correct
What colour is the McDonalds logo?Red and Yellow
37.1%
Can you name a well known cereal company?Kellogs
31.4%
What is the capital of Burkina Faso?Ouagadougou
20%
On what programme is (/was) Len Goodman a judge?Strictly Come Dancing
20%
What is inside a pregnant person's tummy?A baby
20%
What washing up liquid brand features a baby?Fairy
11.4%
Where does dried mango originate?The Philippines
2.9%

You're not logged in!

Compare scores with friends on all Sporcle quizzes.
Join for Free
OR
Log In

You Might Also Like...

Show Comments

Extras

Created Dec 4, 2014ReportNominate

Top Quizzes Today


Score Distribution

Your Account Isn't Verified!

In order to create a playlist on Sporcle, you need to verify the email address you used during registration. Go to your Sporcle Settings to finish the process.

Report this User

Report this user for behavior that violates our Community Guidelines.

Details: